000 00708nam a2200289Ia 4500
005 20260324144518.0
008 008 260324s9999 xx 000 0 eng d
020 _a9781315143712
037 _aEBOOK
040 _aCRL
040 _beng
040 _cCRL
041 _2eng
041 _aeng
084 _qCRL
100 _aRuth Hayhoe; Marianne Bastid
_91219600
245 0 _aChina's Education and the Industrialised World
245 0 _bStudies in Cultural Transfer
260 _bTaylor and Francis
260 _c1987
365 _a
365 _b130
856 _uhttp://www.taylorfrancis.com/books/9781315143712
942 _cEBOOK
999 _c1826298
_d1826298